<?xml version="1.0" encoding="UTF-8"?>
<record
    xmlns:xsi="http://www.w3.org/2001/XMLSchema-instance"
    xsi:schemaLocation="http://www.loc.gov/MARC21/slim http://www.loc.gov/standards/marcxml/schema/MARC21slim.xsd"
    xmlns="http://www.loc.gov/MARC21/slim">

  <leader>00656nam a2200193Ia 4500</leader>
  <controlfield tag="001">67043</controlfield>
  <controlfield tag="003">OSt</controlfield>
  <controlfield tag="005">20150622115051.0</controlfield>
  <controlfield tag="008">150604s9999    xx            000 0 und d</controlfield>
  <datafield tag="020" ind1=" " ind2=" ">
    <subfield code="a">NA</subfield>
  </datafield>
  <datafield tag="040" ind1=" " ind2=" ">
    <subfield code="c">PK-LaUMT</subfield>
  </datafield>
  <datafield tag="082" ind1=" " ind2=" ">
    <subfield code="a"> 954.0312</subfield>
    <subfield code="b">RAS-H</subfield>
  </datafield>
  <datafield tag="100" ind1=" " ind2=" ">
    <subfield code="a">Rasheed Akhtar Nadvi(&#x631;&#x634;&#x6CC;&#x62F; &#x627;&#x62E;&#x62A;&#x631; &#x646;&#x642;&#x648;&#x6CC;)</subfield>
  </datafield>
  <datafield tag="245" ind1=" " ind2=" ">
    <subfield code="a">Haidar Ali aur Tipu Sultan Shaheed (Urdu)(&#x62D;&#x6CC;&#x62F;&#x631; &#x639;&#x644;&#x6CC; &#x627;&#x648;&#x631; &#x679;&#x6CC;&#x67E;&#x648; &#x633;&#x644;&#x637;&#x627;&#x646; &#x634;&#x6C1;&#x6CC;&#x62F; )</subfield>
    <subfield code="c">Rasheed Akhtar Nadvi(&#x631;&#x634;&#x6CC;&#x62F; &#x627;&#x62E;&#x62A;&#x631; &#x646;&#x62F;&#x648;&#x6CC;)</subfield>
  </datafield>
  <datafield tag="260" ind1=" " ind2=" ">
    <subfield code="a">Karachi,Pakistan:(&#x6A9;&#x631;&#x627;&#x686;&#x6CC;&#x60C; &#x67E;&#x627;&#x6A9;&#x633;&#x62A;&#x627;&#x646; )</subfield>
    <subfield code="b">Sana Publications,(&#x633;&#x646;&#x627; &#x67E;&#x628;&#x644;&#x6CC;&#x6A9;&#x6CC;&#x634;&#x646;&#x632;)</subfield>
    <subfield code="c">NA</subfield>
  </datafield>
  <datafield tag="300" ind1=" " ind2=" ">
    <subfield code="a">496 p.</subfield>
  </datafield>
  <datafield tag="546" ind1=" " ind2=" ">
    <subfield code="a">UR</subfield>
  </datafield>
  <datafield tag="942" ind1=" " ind2=" ">
    <subfield code="c">BK</subfield>
    <subfield code="2">ddc</subfield>
  </datafield>
  <datafield tag="999" ind1=" " ind2=" ">
    <subfield code="c">72437</subfield>
    <subfield code="d">72437</subfield>
  </datafield>
  <datafield tag="952" ind1=" " ind2=" ">
    <subfield code="0">0</subfield>
    <subfield code="1">0</subfield>
    <subfield code="4">0</subfield>
    <subfield code="7">0</subfield>
    <subfield code="a">01</subfield>
    <subfield code="b">01</subfield>
    <subfield code="d">2015-06-03</subfield>
    <subfield code="l">8</subfield>
    <subfield code="o"> 954.0312 RAS-H</subfield>
    <subfield code="p">90907</subfield>
    <subfield code="r">2023-08-16 00:00:00</subfield>
    <subfield code="s">2023-04-19</subfield>
    <subfield code="w">2015-06-05</subfield>
    <subfield code="y">BK</subfield>
  </datafield>
</record>
